Biology Etymology - Statistics

General Stats
  • This quiz has been taken 57 times
    53 since last reset
  • The average score is 51 of 128
Answer Stats
Hint Answer % Correct
macro big
80%
ase enzyme
80%
adip/lip fat
80%
calor heat
80%
large
80%
poly many
80%
mono one
80%
gluc sugar
80%
ose sugar
80%
sacchar sugar
80%
syn together
80%
di two
80%
bi two
80%
hydr water
80%
away from
60%
away from
60%
below
60%
break
60%
cata breakdown
60%
cyte cell
60%
dissolve
60%
double
60%
downward
60%
pino drink
60%
excessive
60%
hypo less
60%
phil loving
60%
hyper more
60%
de not
60%
karyo nucleus
60%
uni one
60%
ex out of
60%
lys/lyt split
60%
sweet
60%
trans through
60%
per through
60%
phago to feed or eat
60%
eu true
60%
re again
40%
anti against
40%
retro backward
40%
before
40%
meta between
40%
som body
40%
somat body
40%
ploid chromosome
40%
cycl circle
40%
hetero different
40%
double
40%
geo earth
40%
oo egg
40%
ov egg
40%
telo end
40%
fond of
40%
pro forward
40%
tetr four
40%
en/endo in
40%
into
40%
bio life
40%
multi many
40%
onc mass
40%
middle
40%
kine move
40%
im not
40%
non not
40%
stasis placed
40%
homeo same
40%
homo same
40%
staying
40%
tumor
40%
dipl two
40%
within
40%
zygo yolk
40%
epi above
20%
aero air
20%
omni all
20%
zo animal
20%
dis apart
20%
gymno bare
20%
ventr belly
20%
hem blood
20%
oste bone
20%
pulmo breathe
20%
mut change
20%
vor devour
20%
eat
20%
flesh
20%
anter front
20%
herb grass
20%
chlor green
20%
sperm having seeds
20%
cephal head
20%
card heart
20%
itis inflammation of
20%
nephr/ren kidney
20%
phyll leaf
20%
photo light
20%
pneumo/pulmo lungs
20%
carn meat
20%
meso middle
20%
lact milk
20%
bryo moss
20%
myo muscle
20%
a/an not
20%
in/ir/il not
20%
hapl one
20%
out
20%
phyte plant
20%
plants
20%
react
20%
erythro red
20%
auto self
20%
simple
20%
derm skin
20%
ule small
20%
gastr stomach
20%
ology study of
20%
dors the back
20%
tri three
20%
temp time
20%
together
20%
sym together
20%
thigmo touch
20%
trop turn
20%
leudo white
20%
bronch/trach windpipe
20%
co with
20%
without
20%
No matching quizzes found
Score Distribution
Percent of People with Each Score
Percentile by Number Answered
Your Score History
You have not taken this quiz since the last reset